Name Every Type of Bird - Statistics

General Stats
  • This quiz has been taken 2,384 times
    483 since last reset
  • The average score is 117 of 1092
Answer Stats
Answer % Correct
Duck
89%
Eagle
87%
Crow
85%
Goose
85%
Owl
81%
Swan
81%
Raven
80%
Hawk
78%
Pigeon
78%
Parrot
76%
Falcon
75%
Robin
75%
Dove
74%
Ostrich
73%
Sparrow
73%
Gull
72%
Penguin
72%
Heron
71%
Hummingbird
71%
Chicken
70%
Woodpecker
70%
Jay
69%
Emu
68%
Finch
68%
Vulture
67%
Albatross
66%
Tit
66%
Blackbird
64%
Flamingo
64%
Pelican
62%
Swallow
62%
Cardinal
61%
Magpie
61%
Turkey
61%
Kiwi
60%
Toucan
60%
Parakeet
59%
Crane
58%
Kingfisher
58%
Puffin
58%
Stork
57%
Quail
56%
Macaw
54%
Wren
54%
Egret
52%
Peacock
52%
Warbler
52%
Bluebird
51%
Pheasant
50%
Chickadee
49%
Condor
49%
Cassowary
48%
Cockatoo
48%
Cormorant
48%
Booby
47%
Loon
47%
Kestrel
46%
Mallard
46%
Tern
46%
Osprey
45%
Sandpiper
45%
Cuckoo
44%
Goldfinch
44%
Lark
44%
Thrush
44%
Grouse
43%
Ibis
43%
Plover
43%
Starling
43%
Swift
43%
Kite
42%
Oriole
42%
Spoonbill
40%
Buzzard
39%
Rhea
39%
Shoebill
39%
Dodo
38%
Flycatcher
38%
Nightjar
38%
Auk
37%
Mockingbird
37%
Cockatiel
36%
Coot
36%
Grebe
35%
Hornbill
35%
Shrike
34%
Bird-of-Paradise
33%
Partridge
33%
Rail
33%
Bee-eater
32%
Canary
32%
Roadrunner
32%
Teal
32%
Bunting
31%
Gannet
31%
Oystercatcher
31%
Petrel
31%
Harrier
30%
Jackdaw
30%
Martin
30%
Nuthatch
30%
Titmouse
30%
Woodcock
30%
Frigatebird
29%
Kaka
29%
Kookaburra
29%
Moorhen
29%
Nightingale
29%
Bittern
28%
Cowbird
28%
Kakapo
28%
Bustard
27%
Grackle
27%
Hoopoe
27%
Merganser
27%
Snipe
27%
Sparrowhawk
27%
Tanager
27%
Wagtail
27%
Guineafowl
26%
Nighthawk
26%
Secretarybird
26%
Avocet
25%
Chat
25%
Curlew
25%
Goshawk
25%
Grosbeak
25%
Junglefowl
25%
Kingbird
25%
Lapwing
25%
Peafowl
25%
Stilt
25%
Chaffinch
24%
Crossbill
24%
Lovebird
24%
Merlin
24%
Ptarmigan
24%
Redstart
24%
Roller
24%
Skua
24%
Anhinga
23%
Kea
23%
Owlet
23%
Shearwater
23%
Siskin
23%
Sunbird
23%
Auklet
22%
Bullfinch
22%
Catbird
22%
Flicker
22%
Lyrebird
22%
Quetzal
22%
Treecreeper
22%
Budgerigar
21%
Creeper
21%
Dipper
21%
Eider
21%
Fairy
21%
Myna
21%
Pipit
21%
Rook
21%
Sanderling
21%
Storm-Petrel
21%
Waxwing
21%
Greenfinch
20%
Shag
20%
Caracara
19%
Diver
19%
Dunlin
19%
Frogmouth
19%
Gallinule
19%
Godwit
19%
Goldeneye
19%
Guillemot
19%
Murre
19%
Potoo
19%
Sapsucker
19%
Shoveler
19%
Skimmer
19%
Yellowlegs
19%
Chiffchaff
18%
Hoatzin
18%
Killdeer
18%
Kinglet
18%
Pintail
18%
Razorbill
18%
Scoter
18%
Skylark
18%
Tinamou
18%
Vireo
18%
Weaver
18%
Whimbrel
18%
Whip-poor-will
18%
Wigeon
18%
Bushtit
17%
Gadwall
17%
Gnatcatcher
17%
Goldcrest
17%
Hobby
17%
Jaeger
17%
Meadowlark
17%
Pitta
17%
Pochard
17%
Shelduck
17%
Stonechat
17%
Swamphen
17%
Thrasher
17%
Tropicbird
17%
Wheatear
17%
Wood-Pigeon
17%
Bulbul
16%
Cock-of-the-rock
16%
Eagle-Owl
16%
Honeyeater
16%
Junco
16%
Lorikeet
16%
Moa
16%
Night-Heron
16%
Redshank
16%
Redwing
16%
Scaup
16%
Towhee
16%
Turnstone
16%
Tyrant
16%
Whistling-Duck
16%
Crake
15%
Fairywren
15%
Oo
15%
Ovenbird
15%
Pewee
15%
Phoebe
15%
Screamer
15%
Trogon
15%
Turtle-Dove
15%
White-eye
15%
Amazon
14%
Antbird
14%
Brant
14%
Chough
14%
Dowitcher
14%
Drongo
14%
Emerald
14%
Firecrest
14%
Fruit-Dove
14%
Greenshank
14%
Kittiwake
14%
Murrelet
14%
Nutcracker
14%
Oxpecker
14%
Redpoll
14%
Sea-Eagle
14%
Toucanet
14%
Turaco
14%
Wryneck
14%
Antpitta
13%
Babbler
13%
Bellbird
13%
Bluethroat
13%
Darter
13%
Dunnock
13%
Fulmar
13%
Hawfinch
13%
Hawk-Eagle
13%
Honeyguide
13%
Jacana
13%
Knot
13%
Ou
13%
Phalarope
13%
Pratincole
13%
Redhead
13%
Ruby
13%
Smew
13%
Sora
13%
Stint
13%
Sunbittern
13%
Thick-knee
13%
Willet
13%
Yellowthroat
13%
Accentor
12%
Ani
12%
Blackcap
12%
Bobwhite
12%
Boobook
12%
Bufflehead
12%
Buttonquail
12%
Canvasback
12%
Chachalaca
12%
Dovekie
12%
Fish-Eagle
12%
Francolin
12%
Guan
12%
Gyrfalcon
12%
Honeycreeper
12%
Oilbird
12%
Parrotlet
12%
Ruff
12%
Sandgrouse
12%
Scrub-Jay
12%
Serin
12%
Umbrellabird
12%
Antshrike
11%
Barbet
11%
Bowerbird
11%
Cisticola
11%
Dotterel
11%
Fieldfare
11%
Garganey
11%
Griffon
11%
Kagu
11%
Mousebird
11%
Munia
11%
Parrotbill
11%
Parula
11%
Poorwill
11%
Pygmy-Owl
11%
Swiftlet
11%
Wallcreeper
11%
Waxbill
11%
Broadbill
10%
Butcherbird
10%
Chuck-will's-widow
10%
Cotinga
10%
Coucal
10%
Dickcissel
10%
Falconet
10%
Fantail
10%
Go-away-bird
10%
Linnet
10%
Longspur
10%
Motmot
10%
Nene
10%
Owlet-nightjar
10%
Reedling
10%
Spurfowl
10%
Tattler
10%
Whinchat
10%
Whistler
10%
Whitethroat
10%
Wrentit
10%
Yellowhammer
10%
Antwren
9%
Bishop
9%
Chukar
9%
Courser
9%
Cuckooshrike
9%
Curassow
9%
Finfoot
9%
Flowerpecker
9%
Hamerkop
9%
Longtail
9%
Manakin
9%
Monal
9%
Oropendola
9%
Rosefinch
9%
Rubythroat
9%
Sage-Grouse
9%
Scops-Owl
9%
Screech-Owl
9%
Seedeater
9%
Sheathbill
9%
Snowcock
9%
Solitaire
9%
Tody
9%
Veery
9%
Waterthrush
9%
Wood-Pewee
9%
Woodstar
9%
Aracari
8%
Bananaquit
8%
Brambling
8%
Cattle-Egret
8%
Collared-Dove
8%
Cuckoo-roller
8%
Firefinch
8%
Fish-Owl
8%
Golden-Plover
8%
Honey-buzzard
8%
Ibisbill
8%
Jabiru
8%
Jacamar
8%
Kiskadee
8%
Limpkin
8%
Magpie-Jay
8%
Megapode
8%
Miner
8%
Mountain-gem
8%
Openbill
8%
Pauraque
8%
Piculet
8%
Prairie-Chicken
8%
Snake-Eagle
8%
Sungrebe
8%
Topaz
8%
Violetear
8%
Whydah
8%
Woodlark
8%
Ant-Thrush
7%
Antthrush
7%
Blackstart
7%
Bluetail
7%
Bobolink
7%
Fireback
7%
Flameback
7%
Flufftail
7%
Galah
7%
Goosander
7%
Greenbul
7%
Ground-Cuckoo
7%
Harrier-Hawk
7%
Hawk-Owl
7%
Hornero
7%
Iiwi
7%
Koel
7%
Longbill
7%
Mango
7%
Prinia
7%
Puffbird
7%
Pygmy-Goose
7%
Pyrrhuloxia
7%
Rock-Thrush
7%
Rosy-Finch
7%
Sapphire
7%
Scimitarbill
7%
Seedsnipe
7%
Sicklebill
7%
Sparrow-Lark
7%
Surfbird
7%
Tragopan
7%
Trumpeter
7%
Tyrannulet
7%
Woodswallow
7%
Adjutant
6%
Brolga
6%
Bushlark
6%
Bushshrike
6%
Capercaillie
6%
Conure
6%
Crag-Martin
6%
Crowned-Pigeon
6%
Dollarbird
6%
Firetail
6%
Grassbird
6%
Ground-Hornbill
6%
Hawk-Cuckoo
6%
Honeybird
6%
Houbara
6%
Indigobird
6%
Laughingthrush
6%
Leafbird
6%
Lory
6%
Monarch
6%
Needletail
6%
Noddy
6%
Ouzel
6%
Painted-Snipe
6%
Paradise-Flycatcher
6%
Pardalote
6%
Phainopepla
6%
Prion
6%
Puffleg
6%
Quail-Dove
6%
Redthroat
6%
Rosella
6%
Sand-Plover
6%
Scrubwren
6%
Seriema
6%
Serpent-Eagle
6%
Spinetail
6%
Stone-curlew
6%
Sunbeam
6%
Takahe
6%
Thornbill
6%
Vanga
6%
Waterhen
6%
Weka
6%
Woodcreeper
6%
Woodhoopoe
6%
Yellowhead
6%
Apostlebird
5%
Argus
5%
Avadavat
5%
Bateleur
5%
Bean-Goose
5%
Berryeater
5%
Black-Cockatoo
5%
Blackthroat
5%
Blue-Magpie
5%
Boatbill
5%
Brilliant
5%
Bronzewing
5%
Brushturkey
5%
Capuchinbird
5%
Coquette
5%
Cordonbleu
5%
Corella
5%
Crab-Plover
5%
Cuckoo-Hawk
5%
Currawong
5%
Flowerpiercer
5%
Foliage-gleaner
5%
Green-Pigeon
5%
Ground-Roller
5%
Hermit
5%
Hillstar
5%
Hookbill
5%
House-Martin
5%
Imperial-Pigeon
5%
Inca
5%
Jacobin
5%
Longclaw
5%
Magpie-lark
5%
Maleo
5%
Mistletoebird
5%
Myzomela
5%
Nunbird
5%
Peacock-Pheasant
5%
Plantain-eater
5%
Quelea
5%
Racket-tail
5%
Rifleman
5%
Robin-Chat
5%
Rock-Pigeon
5%
Sabrewing
5%
Scrubfowl
5%
Scrub-Robin
5%
Scythebill
5%
Shrikethrush
5%
Silvereye
5%
Spiderhunter
5%
Starfrontlet
5%
Steamer-Duck
5%
Tiger-Heron
5%
Tit-Babbler
5%
Treepie
5%
Treeswift
5%
Tui
5%
Verdin
5%
Watercock
5%
Wattlebird
5%
Widowbird
5%
Wood-Dove
5%
Wrybill
5%
Xenops
5%
Akepa
4%
Akikiki
4%
Amakihi
4%
Apapane
4%
Batis
4%
Baza
4%
Becard
4%
Besra
4%
Black-eye
4%
Bleeding-heart
4%
Bluebill
4%
Blue-Pigeon
4%
Bristlebird
4%
Bronze-Cuckoo
4%
Cacique
4%
Chatterer
4%
Coua
4%
Dwarf-Kingfisher
4%
Emuwren
4%
Euphonia
4%
Fiscal
4%
Fishing-Owl
4%
Flamecrest
4%
Florican
4%
Forktail
4%
Fruitcrow
4%
Fruiteater
4%
Giant-Petrel
4%
Gonolek
4%
Grassquit
4%
Ground-Finch
4%
Hardhead
4%
Helmetshrike
4%
Iora
4%
King-Parrot
4%
Kokako
4%
Magpie-Robin
4%
Malkoha
4%
Malleefowl
4%
Mannikin
4%
Millerbird
4%
Minivet
4%
Morepork
4%
Mountain-Toucan
4%
Nativehen
4%
Paradise-Kingfisher
4%
Parrotfinch
4%
Penduline-Tit
4%
Pitohui
4%
Pond-Heron
4%
Quailfinch
4%
Rail-babbler
4%
Reef-Heron
4%
Riflebird
4%
Ringneck
4%
Rockfowl
4%
Rockjumper
4%
Scrub-bird
4%
Shama
4%
Shikra
4%
Shrike-tit
4%
Shrike-Vireo
4%
Silky-flycatcher
4%
Silverbill
4%
Snowfinch
4%
Spindalis
4%
Starthroat
4%
Streamertail
4%
Sugarbird
4%
Sunangel
4%
Sungem
4%
Sylph
4%
Tchagra
4%
Tit-Tyrant
4%
Trainbearer
4%
Triller
4%
Troupial
4%
Weebill
4%
Whitehead
4%
Woodnymph
4%
Wood-Owl
4%
Wren-Babbler
4%
Yuhina
4%
Akekee
3%
Akialoa
3%
Akohekohe
3%
Alethe
3%
Anianiau
3%
Antvireo
3%
Apalis
3%
Asity
3%
Astrapia
3%
Avocetbill
3%
Beardless-Tyrannulet
3%
Berrypecker
3%
Boubou
3%
Bristlefront
3%
Brownbul
3%
Brushfinch
3%
Bushbird
3%
Bushchat
3%
Bush-hen
3%
Camaroptera
3%
Canastero
3%
Chanting-Goshawk
3%
Chlorospingus
3%
Chowchilla
3%
Cinclodes
3%
Comet
3%
Coronet
3%
Crimsonwing
3%
Crowned-Crane
3%
Cuckoo-Dove
3%
Cupwing
3%
Cut-throat
3%
Diving-Petrel
3%
Donacobius
3%
Drongo-Cuckoo
3%
Earthcreeper
3%
Elaenia
3%
Elepaio
3%
Figbird
3%
Firecrown
3%
Flatbill
3%
Fody
3%
Friarbird
3%
Fulvetta
3%
Gerygone
3%
Gnateater
3%
Grandala
3%
Grasshopper-Warbler
3%
Grasswren
3%
Green-Magpie
3%
Ground-Jay
3%
Ground-Pigeon
3%
Hanging-Parrot
3%
Heathwren
3%
Helmetcrest
3%
Hoopoe-Lark
3%
Hylia
3%
Hyliota
3%
Jery
3%
Liocichla
3%
Logrunner
3%
Marshbird
3%
Marsh-Harrier
3%
Melampitta
3%
Mesia
3%
Mesite
3%
Metaltail
3%
Mountaineer
3%
Mountain-Tanager
3%
Myzornis
3%
Negrito
3%
Nigrita
3%
Niltava
3%
Nothura
3%
Nunlet
3%
Palila
3%
Palmchat
3%
Paradise-crow
3%
Paradise-Whydah
3%
Parotia
3%
Piapiac
3%
Piha
3%
Pilotbird
3%
Plains-wanderer
3%
Ploughbill
3%
Plovercrest
3%
Plumeleteer
3%
Pygmy-Kingfisher
3%
Pygmy-Parrot
3%
Quail-plover
3%
Quail-thrush
3%
Racquet-tail
3%
Rayadito
3%
Sapphirewing
3%
Sawwing
3%
Scimitar-Babbler
3%
Seedcracker
3%
Shrike-Babbler
3%
Silverbird
3%
Snowcap
3%
Spatuletail
3%
Tailorbird
3%
Tapaculo
3%
Thistletail
3%
Thorntail
3%
Tinkerbird
3%
Tit-Warbler
3%
Tityra
3%
Tody-Flycatcher
3%
Tree-Finch
3%
Treerunner
3%
Trembler
3%
Twinspot
3%
Twite
3%
Water-Tyrant
3%
Wattle-eye
3%
Whipbird
3%
Whiteface
3%
White-Tern
3%
Willie-wagtail
3%
Wood-Quail
3%
Wood-Rail
3%
Wood-Wren
3%
Yellow-Finch
3%
Yellownape
3%
Akalat
2%
Akiapolaau
2%
Alauahio
2%
Anteater-Chat
2%
Antpecker
2%
Antpipit
2%
Ant-Tanager
2%
Awlbill
2%
Barbthroat
2%
Bare-eye
2%
Bay-Owl
2%
Baywing
2%
Black-Tit
2%
Blossomcrown
2%
Bokmakierie
2%
Bristlehead
2%
Bristle-Tyrant
2%
Brushrunner
2%
Buffalo-Weaver
2%
Bush-Crow
2%
Bushcrow
2%
Bush-Quail
2%
Buzzard-Eagle
2%
Cactus-Finch
2%
Carib
2%
Chilia
2%
Cicadabird
2%
Cliff-Chat
2%
Cochoa
2%
Crescentchest
2%
Crombec
2%
Cutia
2%
Dacnis
2%
Daggerbill
2%
Doradito
2%
Eared-Nightjar
2%
Eclectus
2%
Elachura
2%
Emerald-Toucanet
2%
Eremomela
2%
Erpornis
2%
Fernbird
2%
Fernwren
2%
Fieldwren
2%
Fig-Parrot
2%
Fire-eye
2%
Firethroat
2%
Firewood-gatherer
2%
Forest-Falcon
2%
Fruit-hunter
2%
Gallito
2%
Gibberbird
2%
Gnatwren
2%
Goldenface
2%
Goldentail
2%
Goldenthroat
2%
Grass-Warbler
2%
Graveteiro
2%
Graytail
2%
Greenlet
2%
Grenadier
2%
Ground-Sparrow
2%
Ground-Thrush
2%
Ground-Tyrant
2%
Guaiabero
2%
Hemispingus
2%
Huet-huet
2%
Huia
2%
Hwamei
2%
Hylocitrea
2%
Hypocolius
2%
Ifrita
2%
Illadopsis
2%
Jacky-winter
2%
Jayshrike
2%
Jewel-babbler
2%
Jewelfront
2%
Jungle-Flycatcher
2%
Kioea
2%
Koa-Finch
2%
Korhaan
2%
Lancebill
2%
Leiothrix
2%
Lizard-Cuckoo
2%
Locustfinch
2%
Lophorina
2%
Malimbe
2%
Mamo
2%
Manucode
2%
Masked-Owl
2%
Masked-Weaver
2%
Melidectes
2%
Minla
2%
Monal-Partridge
2%
Monjita
2%
Mountain-Pigeon
2%
Mourner
2%
Nicator
2%
Nightingale-Thrush
2%
Nukupuu
2%
Olomao
2%
Omao
2%
Orangequit
2%
Oxylabes
2%
Palmcreeper
2%
Palm-Swift
2%
Pardusco
2%
Parisoma
2%
Peltops
2%
Peppershrike
2%
Piedtail
2%
Pinktail
2%
Piping-Guan
2%
Pipipi
2%
Puaiohi
2%
Puffback
2%
Pygmy-Tyrant
2%
Pytilia
2%
Reedhaunter
2%
Rockwarbler
2%
Rushbird
2%
Saddleback
2%
Saltator
2%
Sandpiper-Plover
2%
Sapayoa
2%
Satinbird
2%
Scrubtit
2%
Seed-Finch
2%
Sharpbill
2%
Sheartail
2%
Short-tail
2%
Shortwing
2%
Shrikebill
2%
Shrike-flycatcher
2%
Sibia
2%
Sierra-Finch
2%
Sittella
2%
Softtail
2%
Songlark
2%
Sparrow-Weaver
2%
Spinebill
2%
Squirrel-Cuckoo
2%
Stipplethroat
2%
Stitchbird
2%
Straightbill
2%
Streamcreeper
2%
Stubtail
2%
Sunbird-Asity
2%
Tachuri
2%
Tesia
2%
Thornbird
2%
Thrush-Babbler
2%
Tit-Spinetail
2%
Tomtit
2%
Treehunter
2%
Tuftedcheek
2%
Turca
2%
Ula-ai-hawane
2%
Velvetbreast
2%
Visorbearer
2%
Wedgebill
2%
Whitetip
2%
Wiretail
2%
Wood-Partridge
2%
Alawi
1%
Attila
1%
Babax
1%
Balicassiao
1%
Bamboo-Partridge
1%
Bamboowren
1%
Banded-Pitta
1%
Barbtail
1%
Barwing
1%
Bentbill
1%
Bernieria
1%
Berryhunter
1%
Black-Chat
1%
Black-Flycatcher
1%
Black-Tyrant
1%
Bluebonnet
1%
Bokikokiko
1%
Bristlebill
1%
Brown-Dove
1%
Brubru
1%
Bush-Tyrant
1%
Cacholote
1%
Calyptura
1%
Canary-Flycatcher
1%
Casiornis
1%
Chat-Tanager
1%
Chat-Tyrant
1%
Chlorophonia
1%
Citril
1%
Coleto
1%
Conebill
1%
Crested-Flycatcher
1%
Crested-Tinamou
1%
Crocias
1%
Cuckoo-Finch
1%
Dapple-throat
1%
Dikkop
1%
Diucon
1%
Eared-Pheasant
1%
Emutail
1%
Fairy-bluebird
1%
Fairy-Fantail
1%
Finchbill
1%
Flycatcher-shrike
1%
Flycatcher-Thrush
1%
Flyrobin
1%
Forest-Flycatcher
1%
Forest-Rail
1%
Geomalia
1%
Golden-Weaver
1%
Grass-Finch
1%
Grass-Owl
1%
Groundcreeper
1%
Ground-Robin
1%
Ground-Warbler
1%
Heleia
1%
Ibon
1%
Inca-Finch
1%
Island-Thrush
1%
Kakawahie
1%
Kamao
1%
Kiwikiu
1%
Laniisoma
1%
Leaf-love
1%
Leaftosser
1%
Madanga
1%
Malia
1%
Mao
1%
Meliphaga
1%
Monklet
1%
Morningbird
1%
Morning-Thrush
1%
Mountain-Babbler
1%
Mountain-Finch
1%
Mouse-Warbler
1%
Myza
1%
Neddicky
1%
Newtonia
1%
Nuthatch-Vanga
1%
Oliveback
1%
Olive-Greenbul
1%
Palm-Crow
1%
Palm-Tanager
1%
Palm-Thrush
1%
Paradigalla
1%
Philentoma
1%
Piopio
1%
Piprites
1%
Plain-Xenops
1%
Plantcutter
1%
Plumed-Warbler
1%
Plushcap
1%
Plushcrown
1%
Poo-uli
1%
Prickletail
1%
Purpletuft
1%
Pygmy-Babbler
1%
Recurvebill
1%
Red-Cotinga
1%
Rhabdornis
1%
Rockfinch
1%
Rockrunner
1%
Schiffornis
1%
Scrub-Tyrant
1%
Sheldgoose
1%
Shining-Parrot
1%
Shrikejay
1%
Shrike-Tanager
1%
Shrike-Tyrant
1%
Silktail
1%
Silvery-Kingfisher
1%
Sirystes
1%
Slaty-Antshrike
1%
Slaty-Flycatcher
1%
Social-Weaver
1%
Spadebill
1%
Speirops
1%
Spinifexbird
1%
Spot-throat
1%
Tetraka
1%
Thamnornis
1%
Thicketbird
1%
Thicket-Fantail
1%
Thrush-Tanager
1%
Tiger-Parrot
1%
Tit-Flycatcher
1%
Tit-hylia
1%
Tody-Tyrant
1%
Twistwing
1%
Wagtail-Tyrant
1%
Warbler-Finch
1%
Warbling-Antbird
1%
Whistling-Thrush
1%
Woodhaunter
1%
Woodland-Warbler
1%
Woodshrike
1%
Wren-Spinetail
1%
Wrenthrush
1%
Wren-Warbler
1%
Yellowbrow
1%
Amaui
0%
Barred-Woodcreeper
0%
Bearded-Greenbul
0%
Blue-Fantail
0%
Bracken-Warbler
0%
Brush-Warbler
0%
Bush-Robin
0%
Camiguin
0%
Cave-Chat
0%
Cnemoscopus
0%
Diuca-Finch
0%
Drongo-Fantail
0%
Giant-Honeyeater
0%
Golden-Bulbul
0%
Grosbeak-Canary
0%
Hill-Babbler
0%
Kakamega
0%
Manakin-Tyrant
0%
Ocotero
0%
Odedi
0%
Pampa-Finch
0%
Pied-Babbler
0%
Pied-Fantail
0%
Pied-Hornbill
0%
Rufous-Warbler
0%
Scrub-Flycatcher
0%
Sholakili
0%
Sooty-Woodpecker
0%
Streaked-Antwren
0%
Striolated-Puffbird
0%
Striped-Babbler
0%
Torrent-lark
0%
Tyrant-Manakin
0%
Warbling-Finch
0%
Wattled-Honeyeater
0%
Xenopsaris
0%
Yellow-Warbler
0%
No matching quizzes found
Score Distribution
Percent of People with Each Score
Percentile by Number Answered
Your Score History
You have not taken this quiz since the last reset